Повести и разкази (Запис номер 51236)
[ съкратено ]
| 000 -Лидер | |
|---|---|
| Контролно поле с фиксирана дължина | 00884nam a2200277 c 4500 |
| 003 - Код на организацията, давaща контролен номер | |
| Контролно поле | BLK |
| 005 - Дата и час на последна редакция | |
| Контролно поле | 20240604005350.0 |
| 008 - Елементи от данни с фиксирана дължина | |
| fixed length control field | 180408b bul|||||r ||||||| ||bul|| |
| 010 ## - Наследен системен номер | |
| LC control number | KNG00055138000 |
| 040 ## - Източник на каталожния запис | |
| Идентификатор на билиотеката - собственик на записа | BLK |
| 041 ## - Код за език | |
| Код за езика на текст/звукозапис или на отделно заглавие | Български |
| Код за езика КДБФ | Български |
| 080 ## - УДК | |
| Текстов определител УДК | Българска литература |
| УДК код - определител по УДК | 821.163.2 |
| УДК определител | -32 |
| УДК - код + определител | 821.163.2-32 |
| 100 ## - Редна дума - Автор | |
| Автор | Елин Пелин |
| Пълна форма на името | Стоянов, Димитър Иванов |
| R(LIN) | 363511 |
| 139 ## - Редно поле | |
| Редна дума | Елин Пелин |
| Авторски знак | Елин Пелин - Е 53 |
| 245 10 - Сведения за заглавието | |
| Заглавие | Повести и разкази |
| Редно поле (дума) | Елин Пелин. |
| 257 ## - Страна на издаване | |
| Страна на създаване/издаване | България |
| 260 ## - Област на издателските данни | |
| Място на издаване, разпространение и проч. | София |
| Име на издателя, разпространителя и проч. | Бълг. писател |
| Година на издаване | 1968 |
| 300 ## - Физическа характеристика | |
| Страници | 701 с. |
| Размери/Мащаб | 19 см |
| 380 ## - Жанр | |
| Жанр | Худож. лит. |
| 490 1# - СЕРИИ (Колекции) | |
| Име на серия | Библиотека Български писатели |
| 852 ## - Местоположение | |
| Форматна сигнатура | Цб 44971 |
| Фондова буква | Хранилище |
| 999 ## - СИСТЕМНИ КОНТРОЛНИ НОМЕРА | |
| Koha biblionumber | 51236 |
| Koha biblioitemnumber | 51236 |
| 942 ## - АРТИКУЛИ | |
| Вид на библиотечния материал | Книги |
| Скрит в OPAC | Не |
| Периодичен библиозапис | Да |
| 944 ## - СЪЗДАВАНЕ И РЕДАКЦИЯ на ЗАПИСА | |
| Създаване/Редакция | Създаване |
| Дата на регистрацията/редакция | 26.08.2005 |
| Служител, извършил регистрацията/редакцията | |
| Статус, дата на статуса | CRON CRON |
| 944 ## - СЪЗДАВАНЕ И РЕДАКЦИЯ на ЗАПИСА | |
| Създаване/Редакция | Редакция |
| Дата на регистрацията/редакция | 2022-06-13 |
| Служител, извършил регистрацията/редакцията | СТ |
| 999 ## - СИСТЕМНИ КОНТРОЛНИ НОМЕРА | |
| Koha biblioitemnumber | 51236 |
| Код за отписване | Код за изгубен артикул | Източник на класификационната схема | Код за повреда | Коз за рестрикции | Код за отдаване | Артикулен № | Име на библиотеката - собственик | Име на библиотеката, в която се намира в момента | Статус (Текущо местоположение) | Дата на вписване в системата | Местоположение - отдел | Цена в лева | Инвентарен номер | Систематично азбучна сигнатура | Баркод | Номер на екземпляра | Цена в евро | Служебна бележка | Служебен тип на артикула | Бележка за публиката |
|---|---|---|---|---|---|---|---|---|---|---|---|---|---|---|---|---|---|---|---|---|
| Изтеглен | Не е изгубен | Universal Decimal Classification | Не е повреден | без рестрикции | заемане за дома | 80703 | Регионална библиотека "Любен Каравелов" Русе | Регионална библиотека "Любен Каравелов" Русе | Детски отдел | 2005-08-26 | Детски отдел | 5.00 | 120000696456 | Д 886.7/Е 53 | 120000696456 | 1 | 2.56 | Дост: DA Вид: А N: 22 Дата: 26.08.2005 Дата инв: 02.09.2015 Бележки инв: Д2015 | Книги | |
| Не е изгубен | Universal Decimal Classification | Не е повреден | без рестрикции | ползва се в читалня | 80704 | Регионална библиотека "Любен Каравелов" Русе | Регионална библиотека "Любен Каравелов" Русе | Хранилище | 1968-01-01 | Хранилище | 2.45 | 9486/68 | Цб 44971 | 900000101051 | 2 | 1.25 | Дост: Dp Вид: Д N: стар фонд Дата: 01.01.1968 | Книги | ||
| Изтеглен | Не е изгубен | Universal Decimal Classification | Не е повреден | без рестрикции | заемане за дома | 80705 | Регионална библиотека "Любен Каравелов" Русе | Регионална библиотека "Любен Каравелов" Русе | Заемна - подръчен фонд | 1968-01-01 | Заемна - подръчен фонд | 0.00 | 8918/68 | П 886.7-32/Е 53 | 8918/68 | 3 | 0.00 | Дост: Pk Вид: Ф N: стар фонд Дата: 01.01.1968 | Книги | |
| Изтеглен | Не е изгубен | Не е повреден | без рестрикции | заемане за дома | 80706 | Регионална библиотека "Любен Каравелов" Русе | Регионална библиотека "Любен Каравелов" Русе | 1968-01-01 | Заемна - подръчен фонд | 2.45 | 53116 | П 886.7-32/Е 53 | 53116 | 4 | 1.25 | Дост: Pk Вид: Ф N: стар фонд Дата: 01.01.1968 | Книги | Отч.N: 19/2018 , Дата: 22.03.2018 |